000
00282nam a22001217a 4500
999
_c
13248
_d
13248
020
_a
9789697280315
082
_a
324.22
100
_a
M R Kazimi
245
_a
M A Jinnah The outside View
260
_a
Lahore Pakistan
_b
Peace Publications
_c
2021
300
_a
244 pages
942
_c
BK